00576nam a2200157 a 450000100100000000500170001000800410002704000250006808200130009310000250010624000550013124501150018626000650030130000200036670000320038600004167020201002035710.0131015s1971 mx 000 0 spa d aDO-SdBNPbspacBNPHU axxxbxxx1 aSilverman, Robert E.10aHow to use programmed instruction in the classroom10aCómo emplear la enseñanza programada en el aula. /cRobert E. Silverman; traducción, Salvador Medrano C. aMéxico :bAgencia para el Desarrollo Internacional,c1971. a48 p. ;c21 cm.1 aMedrano C., Salvadoretrad.